Making innovation work : (Record no. 18753)
[ view plain ]
| 000 -LEADER | |
|---|---|
| fixed length control field | 01738cam a2200313 a 4500 |
| 001 - CONTROL NUMBER | |
| control field | 17432171 |
| 005 - DATE AND TIME OF LATEST TRANSACTION | |
| control field | 20201128021141.0 |
| 008 - FIXED-LENGTH DATA ELEMENTS--GENERAL INFORMATION | |
| fixed length control field | 120816s2013 njua frb 001 0 eng d |
| 020 ## - INTERNATIONAL STANDARD BOOK NUMBER | |
| International Standard Book Number | 9780133092585 |
| 020 ## - INTERNATIONAL STANDARD BOOK NUMBER | |
| International Standard Book Number | 0133092585 |
| 040 ## - CATALOGING SOURCE | |
| Original cataloging agency | DLC |
| Transcribing agency | DLC |
| Modifying agency | DLC |
| -- | EG-ScBUE |
| Language of cataloging | eng |
| 082 04 - DEWEY DECIMAL CLASSIFICATION NUMBER | |
| Classification number | 658.4063 |
| Edition number | 22 |
| Item number | DAV |
| 100 1# - MAIN ENTRY--PERSONAL NAME | |
| Personal name | Davila, Tony. |
| 9 (RLIN) | 36868 |
| 245 10 - TITLE STATEMENT | |
| Title | Making innovation work : |
| Remainder of title | how to manage it, measure it, and profit from it / |
| Statement of responsibility, etc | Tony Davila, Marc J. Epstein, Robert D. Shelton. |
| 250 ## - EDITION STATEMENT | |
| Edition statement | Updated ed. |
| 260 ## - PUBLICATION, DISTRIBUTION, ETC. (IMPRINT) | |
| Place of publication, distribution, etc | Upper Saddle River : |
| Name of publisher, distributor, etc | Pearson Education, |
| Date of publication, distribution, etc | 2013. |
| 300 ## - PHYSICAL DESCRIPTION | |
| Extent | lii, 348 p. : |
| Other physical details | ill. ; |
| Dimensions | 24 cm. |
| 500 ## - GENERAL NOTE | |
| General note | Index : p. 333-348. |
| 504 ## - BIBLIOGRAPHY, ETC. NOTE | |
| Bibliography, etc | Includes bibliographical references. |
| 505 0# - FORMATTED CONTENTS NOTE | |
| Formatted contents note | Driving success : how you innovate determines what you innovate-Mapping innovation : what is innovation and how do you leverage it ?-Choosing your destiny : how to design a winning innovation strategy-Organizing for innovation : how to structure a company for innovation-Management systems : designing the process of innovation-Illuminating the pathway : how to measure innovation-Rewarding innovation : how to design incentives to support innovation-Learning innovation : how do organizations become better at innovating ?-Cultivating innovation : how to design a winning culture-Conclusion : applying the innovation rules to your organization. |
| 650 #7 - SUBJECT ADDED ENTRY--TOPICAL TERM | |
| Topical term or geographic name as entry element | Organizational change |
| General subdivision | Management. |
| 9 (RLIN) | 36869 |
| Source of heading or term | BUEsh |
| 650 #7 - SUBJECT ADDED ENTRY--TOPICAL TERM | |
| Topical term or geographic name as entry element | Technological innovations |
| General subdivision | Management. |
| 9 (RLIN) | 33837 |
| Source of heading or term | BUEsh |
| 650 #7 - SUBJECT ADDED ENTRY--TOPICAL TERM | |
| Topical term or geographic name as entry element | Industrial management. |
| 9 (RLIN) | 1569 |
| Source of heading or term | BUEsh |
| 651 ## - SUBJECT ADDED ENTRY--GEOGRAPHIC NAME | |
| Source of heading or term | BUEsh |
| 653 ## - INDEX TERM--UNCONTROLLED | |
| Resource For college | BAEPS, Business Administration |
| Arrived date list | December2014 |
| -- | November2016 |
| 700 1# - ADDED ENTRY--PERSONAL NAME | |
| Personal name | Epstein, Marc J. |
| 9 (RLIN) | 36870 |
| 700 1# - ADDED ENTRY--PERSONAL NAME | |
| Personal name | Shelton, Robert D. |
| 9 (RLIN) | 36871 |
| 942 ## - ADDED ENTRY ELEMENTS (KOHA) | |
| Source of classification or shelving scheme | Dewey Decimal Classification |
| Call number prefix | 658.4063 DAV |
| Withdrawn status | Item status | Source of classification or shelving scheme | Damaged status | Not for loan | Vendor | Home library | Current library | Shelving location | Date acquired | Source of acquisition | Cost, normal purchase price | Serial Enumeration / chronology | Total Checkouts | Total Renewals | Full call number | Barcode | Date last seen | Date last borrowed | Cost, replacement price | Koha item type |
|---|---|---|---|---|---|---|---|---|---|---|---|---|---|---|---|---|---|---|---|---|
| Dewey Decimal Classification | Baccah | Central Library | Central Library | First floor | 11/12/2014 | Purchase | 238.00 | 20677 | 1 | 6 | 658.4063 DAV | 000037150 | 15/07/2025 | 15/10/2022 | 297.50 | Book - Borrowing | ||||
| Dewey Decimal Classification | Baccah | Central Library | Central Library | First floor | 30/11/2016 | Purchase | 340.00 | 3648 | 2 | 11 | 658.4063 DAV | 000040165 | 15/07/2025 | 04/11/2021 | 425.00 | Book - Borrowing |